00645nam a2200217Ia 4500008004100000020001400041050001600055100001700071245003800088245003300126245002000159260001000179260002900189260000900218300001600227300002000243300001000263300002900273999001900302952010600321170918s9999 xx 000 0 und d a192837788 bV531ar 1995 aVerne, Jules aAround the world in eighty days : bthe extraordinary journeys / cby Jules Verne. aUSA : bOxford University Press, c1995 a247 pages : billustrations ; c19cm. eOxford world's classics. c343467d343467 001040aSSISMbSSISMd2017-09-18l0oFIC V531ar 1995pSSISM2539r2017-09-18 00:00:00w2017-09-18yBK